000 00248nam a2200097Ia 4500
001 662920
005 20250826160202.0
008 250824s9999 xx 000 0 und d
245 0 _aÖlümsüz Ece Gökkuş Diz
_cGülten Dayıoğlu
260 _bALTIN
999 _c662920
_d662920